[Event "HUN-chT2 Szechenyi 0304"]
[Site "Hungary"]
[Date "2003.09.28"]
[Round "1"]
[White "Soos, Lajos"]
[Black "Reimer, Viktor"]
[Result "1/2-1/2"]
[WhiteElo "2185"]
[BlackElo "1867"]
[PlyCount "47"]
[EventDate "2003.09.28"]
[EventType "team"]
[EventRounds "11"]
[EventCountry "HUN"]
[SourceTitle "EXT 2009"]
[Source "ChessBase"]
[SourceDate "2008.11.26"]
[SourceVersion "1"]
[SourceVersionDate "2008.11.26"]
[SourceQuality "1"]
[WhiteTeam "Lenti"]
[BlackTeam "Szentgotthard"]
[WhiteTeamCountry "HUN"]
[BlackTeamCountry "HUN"]

1. e4 e5 2. Nf3 Nc6 3. Bb5 Nf6 4. 0-0 d6 5. d4 Bd7 6. d5 Ne7 7. Bd3 Ng6 8. c4 Be7 9. Nc3 0-0 10. Ne2 Nh5 11. h3 Qc8 12. Kh2 f5 13. exf5 Bxf5 14. Ng5 Bxg5 15. Bxg5 Ngf4 16. Bxf4 Bxd3 17. Qxd3 Nxf4 18. Nxf4 Rxf4 19. Rac1 Qf8 20. Qe3 Qf6 21. Rc3 b6 22. Kg1 Rf8 23. a4 h5 24. a5 1/2-1/2